A manual of paediatric dentistry / (Record no. 25618)
[ view plain ]
| 000 -LEADER | |
|---|---|
| fixed length control field | 01171cam a22003495a 4500 |
| 001 - CONTROL NUMBER | |
| control field | 3999698 |
| 005 - DATE AND TIME OF LATEST TRANSACTION | |
| control field | 20171119145954.0 |
| 008 - FIXED-LENGTH DATA ELEMENTS--GENERAL INFORMATION | |
| fixed length control field | 961003r20031996stka frb 001 0 eng d |
| 010 ## - LIBRARY OF CONGRESS CONTROL NUMBER | |
| LC control number | 96039210 |
| 020 ## - INTERNATIONAL STANDARD BOOK NUMBER | |
| International Standard Book Number | 0443053723 |
| 020 ## - INTERNATIONAL STANDARD BOOK NUMBER | |
| International Standard Book Number | 9780443053726 |
| 040 ## - CATALOGING SOURCE | |
| Original cataloging agency | DNLM/DLC |
| Language of cataloging | eng |
| Transcribing agency | DLC |
| Modifying agency | DLC |
| -- | EG-ScBUE |
| 082 04 - DEWEY DECIMAL CLASSIFICATION NUMBER | |
| Classification number | 617.645 |
| Item number | AND |
| Edition number | 22 |
| 100 1# - MAIN ENTRY--PERSONAL NAME | |
| Personal name | Andlaw, R. J. |
| 245 12 - TITLE STATEMENT | |
| Title | A manual of paediatric dentistry / |
| Statement of responsibility, etc | R. J. Andlaw, W. P. Rock ; with illustrations by G. C. van Beek. |
| 246 30 - VARYING FORM OF TITLE | |
| Title proper/short title | Paediatric dentistry |
| 250 ## - EDITION STATEMENT | |
| Edition statement | 4th ed., Reprinted ed. |
| 260 ## - PUBLICATION, DISTRIBUTION, ETC. (IMPRINT) | |
| Place of publication, distribution, etc | New York : |
| Name of publisher, distributor, etc | Churchill Livingstone, |
| Date of publication, distribution, etc | 2003. |
| 300 ## - PHYSICAL DESCRIPTION | |
| Extent | 249 p. : |
| Other physical details | ill. ; |
| Dimensions | 25 cm. |
| 500 ## - GENERAL NOTE | |
| General note | Rev. ed. of: A manual of paedodontics. 3rd ed. 1992. |
| 500 ## - GENERAL NOTE | |
| General note | Reprint of the 1996 4 ed.<br/> |
| 504 ## - BIBLIOGRAPHY, ETC. NOTE | |
| Bibliography, etc | Includes bibliographical references and index. |
| 650 #7 - SUBJECT ADDED ENTRY--TOPICAL TERM | |
| Topical term or geographic name as entry element | Pedodontics. |
| Source of heading or term | BUEsh |
| 9 (RLIN) | 39506 |
| 650 #7 - SUBJECT ADDED ENTRY--TOPICAL TERM | |
| Topical term or geographic name as entry element | Pediatric Dentistry |
| General subdivision | methods. |
| Source of heading or term | BUEsh |
| 651 ## - SUBJECT ADDED ENTRY--GEOGRAPHIC NAME | |
| Source of heading or term | BUEsh |
| 653 ## - INDEX TERM--UNCONTROLLED | |
| Resource For college | |
| Arrived date list | November2017 |
| 655 ## - INDEX TERM--GENRE/FORM | |
| Form subdivision | Reading book |
| -- | 34232 |
| 700 1# - ADDED ENTRY--PERSONAL NAME | |
| Personal name | Rock, W. P. |
| 700 1# - ADDED ENTRY--PERSONAL NAME | |
| Personal name | Andlaw, R. J. |
| Title of a work | Manual of paedodontics. |
| 700 1# - ADDED ENTRY--PERSONAL NAME | |
| Personal name | Beek, G. C. van, |
| Relator term | printer of plates. |
| 942 ## - ADDED ENTRY ELEMENTS (KOHA) | |
| Source of classification or shelving scheme | Dewey Decimal Classification |
| Withdrawn status | Item status | Source of classification or shelving scheme | Damaged status | Not for loan | Vendor | Home library | Current library | Shelving location | Date acquired | Source of acquisition | Cost, normal purchase price | Total Checkouts | Total Renewals | Full call number | Barcode | Date last seen | Date last borrowed | Koha item type |
|---|---|---|---|---|---|---|---|---|---|---|---|---|---|---|---|---|---|---|
| Dewey Decimal Classification | Baccah | Central Library | Central Library | First floor | 19/11/2017 | Purchase | 1420.00 | 4 | 1 | 617.645 AND | 000046902 | 15/07/2025 | 04/05/2021 | Book - Borrowing | ||||
| Dewey Decimal Classification | Baccah | Central Library | Central Library | First floor | 19/11/2017 | Purchase | 1420.00 | 617.645 AND | 000046903 | 15/07/2025 | Book - Borrowing | |||||||
| Dewey Decimal Classification | Baccah | Central Library | Central Library | First floor | 19/11/2017 | Purchase | 1420.00 | 2 | 36 | 617.645 AND | 000046905 | 15/07/2025 | 27/05/2021 | Book - Borrowing |